The muslim conquest of persia (Record no. 186742)
[ view plain ]
| 000 -LEADER | |
|---|---|
| fixed length control field | 01106 a2200169 4500 |
| 003 - CONTROL NUMBER IDENTIFIER | |
| control field | Nust |
| 005 - DATE AND TIME OF LATEST TRANSACTION | |
| control field | 20170207153448.0 |
| 040 ## - CATALOGING SOURCE | |
| Transcribing agency | Nust |
| 082 ## - DEWEY DECIMAL CLASSIFICATION NUMBER | |
| Classification number | 955 |
| 100 ## - MAIN ENTRY--PERSONAL NAME | |
| Personal name | Lt General A.I. Akram |
| 245 ## - TITLE STATEMENT | |
| Title | The muslim conquest of persia |
| 260 ## - PUBLICATION, DISTRIBUTION, ETC. | |
| Place of publication, distribution, etc. | Rawalpindi |
| Name of publisher, distributor, etc. | Army education press |
| Date of publication, distribution, etc. | 1972 |
| 300 ## - PHYSICAL DESCRIPTION | |
| Extent | 333 |
| 500 ## - GENERAL NOTE | |
| General note | The Name Of Allah (Page-1),The Change Of Commend (Page-15), The Victories And Defeat (Page-22),The Battle Of Buweib (Page-41),Umer And Sad (Page-53),Yazdjurd And Rustam (Page-68),The Eve Of Qadisiyya (Page-84),The Day Of Disorder (Page-109),The Day Of Succor (Page-121),The Day Of Hardship (Page-134),The Night Of Qadisiyya (Page-145),On To Ctesiphon (Page-159),The Conquest Of Ctesiphon (Page-172), The Battle Of Jalaula(Page-185),The Consolidation Of Iraq (Page-208),The Conquest Of Ahwaz (Page-220),The Con1uest Of Tustar(Page-233),The Rest Of Khuzistan (Page-244),The Persians March Again (Page-253),The Battle Of Nihawand (Page-265),The Fall Of Persia (Page-289),The Last Of The Sasanis (Page-301). |
| 538 ## - SYSTEM DETAILS NOTE | |
| System details note | Almirah No.63 Shelf No.4 |
| 650 ## - SUBJECT ADDED ENTRY--TOPICAL TERM | |
| Topical term or geographic name entry element | The muslim conquest of persia |
| 942 ## - ADDED ENTRY ELEMENTS (KOHA) | |
| Source of classification or shelving scheme | |
| Koha item type | Book |
| Withdrawn status | Lost status | Source of classification or shelving scheme | Damaged status | Not for loan | Collection code | Permanent Location | Current Location | Date acquired | Total Checkouts | Full call number | Barcode | Date last seen | Price effective from | Koha item type |
|---|---|---|---|---|---|---|---|---|---|---|---|---|---|---|
| Military College of Signals (MCS) | Military College of Signals (MCS) | 12/12/2016 | 955 AKR | MCS21594 | 12/08/2016 | 12/12/2016 | Book |
